[Event "Cutro 07th"]
[Site "Cutro"]
[Date "2001.04.22"]
[Round "1"]
[White "Georgiev, Vladimir"]
[Black "Aleksic, Nenad"]
[Result "1-0"]
[WhiteElo "2592"]
[BlackElo "2417"]
[Annotator "Wells,P"]
[PlyCount "55"]
[EventDate "2001.04.22"]
[EventType "tourn"]
[EventRounds "10"]
[EventCountry "ITA"]
[EventCategory "9"]
[SourceTitle "CBM 083"]
[Source "ChessBase"]
[SourceDate "2001.07.05"]
[SourceVersion "1"]
[SourceVersionDate "2001.07.05"]
[SourceQuality "1"]

1. c4 b6 2. d4 Bb7 3. Bg5 Nf6 4. Bxf6 exf6 5. Nc3 Bb4 6. Rc1 O-O 7. a3 Bxc3+ 8.
Rxc3 d5 9. cxd5 Qxd5 10. e3 Nd7 11. Nf3 c5 12. Bc4 Qd6 13. O-O Rad8 14. Be2
Rfe8 15. b4 $1 {[%mdl 2560] A very interesting pawn sacrifice. The first
intention is to cross black's simple plan of playing ...cxd4 and ...Nc5-e4,
which would seem to offer him a fair share of the play. 15...cxd4 is still
possible, but after 16 Nxd4 black's knight is denied the obvious route to make
a similar impact. As for acceptance of the offer...} cxb4 (15... cxd4 $5 16.
Nxd4 $14 {[%csl Yd4]}) 16. axb4 Qxb4 17. Rc7 {[%csl Gd4,Rd7][%cal Gc7a7] For
his pawn white can boast a strong protected passed d-pawn, an active rook and
after the following virtually forced exchange a strong bishop against a knight
which is a mere shadow of its former self. The next few moves suggest that
this all adds up to great value.} Bxf3 18. Bxf3 a5 19. Qb1 $1 Qd6 20. Rfc1 Nb8
21. Qb5 g6 22. g3 {Black is reduced to near complete passivity.} Rd7 23. R7c4
Rdd8 24. Kg2 Kg7 25. Rc7 Rd7 26. R1c6 Nxc6 27. Rxd7 Na7 28. Rxa7 1-0

[Event "Groningen op-A 51st"]
[Site "Groningen"]
[Date "2013.12.30"]
[Round "9"]
[White "Zakhartsov, Viacheslav V"]
[Black "Rodshtein, Maxim"]
[Result "0-1"]
[WhiteElo "2555"]
[BlackElo "2683"]
[Annotator "Zakhartsov,Vi"]
[PlyCount "98"]
[EventDate "2013.12.21"]
[EventType "swiss"]
[EventRounds "9"]
[EventCountry "NED"]
[SourceTitle "CBM 159"]
[Source "ChessBase"]
[SourceDate "2014.03.17"]
[SourceVersion "1"]
[SourceVersionDate "2014.03.17"]
[SourceQuality "1"]

1. d4 e6 2. c4 b6 3. e4 Bb7 4. Bd3 Bb4+ 5. Bd2 Bxd2+ 6. Nxd2 Qf6 7. Ngf3 Nc6 8.
e5 Qf4 9. g3 Qh6 10. O-O f6 (10... g5 {was played in Issakainen-Lehtinen 
(Tampere 2013), and now} 11. d5 $1 {would be strong:} exd5 12. cxd5 Nb4 13. Ne4
g4 14. Nfg5 Bxd5 15. Bb5 Bc6 16. Bxc6 Nxc6 17. Re1) 11. Re1 O-O-O 12. a3 (12.
c5 $5 {was more straightforward:} Nge7 13. Rc1 fxe5 14. dxe5 Rhf8 15. cxb6 axb6
16. Re4 {with the idea b4.}) 12... Nge7 13. b4 fxe5 14. dxe5 Rhf8 (14... g5)
15. Be4 g5 16. Nb3 (16. b5 Na5 17. c5 {would be stronger, e.g.:} g4 18. Nh4
bxc5 19. Qc2 d6 20. exd6 cxd6 21. Rad1 Qf6 22. Bxb7+ Nxb7 23. Ne4 Qh6 24. a4)
16... Ng6 {Now White obtains a pleasant edge. A better try would be} (16... g4
17. Nh4 Qh5 18. Qe2 Ng6 19. Nxg6 hxg6 20. b5 Ne7 21. a4 Rh8 {with mutual
chances:} 22. Bxb7+ Kxb7 23. Qe4+ Kb8 24. Qg2 Rh7) 17. b5 Nce7 18. Bxb7+ Kxb7
19. Qe2 Qh5 20. Qe4+ Kb8 21. Nfd4 {Now White has a clear plan a3-a4-a5,
opening the a-file.} {Not having a way to prevent it, Black decides for a
knight sacrifice:} Nf4 $5 22. gxf4 ({I could decline the offer by playing} 22.
f3 $5 Nh3+ 23. Kg2 g4 24. f4 Ng6 25. Rf1 Rf7 26. Ne2 Rdf8 27. Nbd4 {and Black
has to reply} Ng5 $1 28. Qe3 (28. fxg5 $4 Qh3+) 28... Nf3 29. Nxf3 gxf3+ 30.
Qxf3 Qxf3+ 31. Rxf3 Nxe5 32. Rc3 Ng6 {with roughly equal chances.}) 22... Rxf4
23. Qe2 $6 (23. Qe3 {would be a better retreat:} Rh4 24. Qf3 g4 25. Qg2 Ng6 26.
Re4 Rf8 (26... Nxe5 27. Rae1 Nf3+ 28. Nxf3 gxf3 29. Rxh4 Qxh4 30. Qg3 Qf6 31.
Re3 Rf8 32. h3) 27. a4 Nxe5 (27... Nf4 28. Rxf4 Rxf4 29. a5 Qxe5 30. Rd1 {
threatening Nc6+}) 28. a5 Nf3+ 29. Nxf3 gxf3 30. Rxh4 Qxh4 31. Qg7 Qf4 32. axb6
axb6 33. Kh1 {with an advantage for White.}) 23... g4 24. Ra2 (24. c5 Rdf8 25.
Ra2 Rf3 26. cxb6 cxb6 27. Qd1 Nd5 28. Nxf3 gxf3 29. Kh1 Rg8 30. Nd4 (30. Rg1 $2
{loses to} Rg2) 30... Nc3 31. Nc6+ (31. Qxf3 Qxf3+ 32. Nxf3 Nxa2 {with equality
}) 31... dxc6 32. Qd6+ Ka8 {with a draw.}) 24... Ng6 25. Kh1 Rdf8 26. Qe3 Nh4 {
Black has seized the initiative.} 27. Rg1 Nf3 28. Rg2 Nxe5 29. Rc2 (29. Nd2
Nxc4 30. Nxc4 Qd5 31. Rd2 Qxc4 {with 3 pawns for a piece.}) 29... Rf3 (29...
Ng6 30. Rb2 (30. a4 e5 31. Ne2 Rf3) 30... Nh4 31. Rg1 e5 32. Ne2 Rxf2 33. Ng3
Rxb2 34. Nxh5 Rff2 35. Qxf2 (35. Qg3 Nf3) 35... Rxf2 $17) 30. Qe1 Rh3 (30...
Nd3 31. Qg1 R3f6 32. Rd2 Nf4 {with a big advantage}) 31. Qg1 Rf6 32. a4 Rh6 33.
a5 $2 (33. f4 $1 {led to equality:} Nxc4 (33... gxf3 {??} 34. Rg8+ Kb7 35. a5
$18) (33... Nf3 34. Nxf3 Rxf3 35. Nd4 Rxf4 36. Ne2 Rf3) 34. Rxc4 Qd5 35. Nd2 g3
36. N4f3 Rxh2+ 37. Nxh2 Rxh2+ 38. Qxh2 gxh2 39. Kxh2 Qh5+ 40. Kg3 Qg6+ 41. Kf2
Qd3) 33... Qf7 $2 {In mutual time trouble we both overlooked} (33... Rxb3 $1 {
and White has to play} 34. axb6 (34. Nxb3 Nf3 {and White loses}) 34... cxb6 (
34... axb6 35. f4 Rd3 36. fxe5 g3 37. Rcd2 Rxd2 38. Rxd2 Qxe5 {and Black is
slightly better}) 35. c5 Rxb5 36. cxb6 Rxb6 37. Qc1 Nc6 $8 38. Nxc6+ dxc6 39.
Rxc6 Rxc6 40. Qxc6 Qd5 41. Qe8+ Kb7 42. Qe7+ Kc6 43. Qe8+ Qd7 44. Qa8+ Kb6 45.
Qb8+ Ka6 46. Qb1 Rh5 {with Black's advantage.}) 34. f4 {Now White takes over.}
Rf6 (34... gxf3 $4 35. Rg8+ Kb7 36. a6#) (34... Qxf4 $2 35. Rcf2 Nf3 36. Nxf3
Rxf3 37. Rxg4) (34... Nf3 35. Nxf3 Rxf3 36. Rxg4) 35. fxe5 Rf1 36. Rcf2 {time}
(36. Rxg4 Rxg1+ 37. Rxg1 {was winning:} a6 (37... Rh6 38. Rf2 Qe8 39. Rg7 Rg6
40. Rxd7 {!}) 38. axb6 cxb6 39. bxa6) 36... Rxg1+ 37. Kxg1 Qg7 38. Rf4 g3 39.
Nf3 $2 (39. hxg3 Rxg3 40. Rf8+ Qxf8 41. Rxg3 {with rough equality.}) 39... bxa5
40. Nxa5 (40. Nc5 Kc8 $17) 40... a6 {Now White's position is falling apart.}
41. Kf1 Qg6 42. Rxg3 Rxg3 43. hxg3 Qb1+ 44. Kg2 Qa2+ 45. Kh3 axb5 46. cxb5 Qxa5
47. Rf7 Qxb5 48. Rxh7 Qd3 49. Rf7 c5 0-1

[Event "SWE-ch"]
[Site "Linkoping"]
[Date "2001.07.08"]
[Round "7"]
[White "Eriksson, Anders"]
[Black "Karlsson, Lars"]
[Result "0-1"]
[WhiteElo "2354"]
[BlackElo "2476"]
[Annotator "Ziegler,A"]
[PlyCount "78"]
[EventDate "2001.06.30"]
[EventType "tourn"]
[EventRounds "13"]
[EventCountry "SWE"]
[EventCategory "8"]
[SourceTitle "CBM 085"]
[Source "ChessBase"]
[SourceDate "2001.11.13"]
[SourceVersion "1"]
[SourceVersionDate "2001.11.13"]
[SourceQuality "1"]

1. Nf3 b6 2. d4 Bb7 3. c4 e6 {Lars luras lite med öppningsdragen, genom att
hålla in pållen på g8.} 4. Nc3 (4. g3 {Leder normalt in spelet i antingen
Damindiskt eller bogoindiskt.}) 4... Bb4 5. e3 {Lite ängsligt. Blir man
överraskad i öppningen måste man svara med aktiva drag, annars är den
psykologiska kampen nästan över. Många kommer över chocken först efter ett par
drag och börjar bli aktiva då, men varför vänta?} ({Att spela} 5. Qb3 {med en
gång var att föredra. Vit vet ännu inte om han eventuellt vill göra något
annat än e3.}) 5... f5 {Lars Karlsson har spelat Holländskt i många år och var
nog inte helt missnöjd med utvecklingen. [#] Nu måste vit ge allt för att få
kontroll över e4-fältet. Lyckas han med det kan han fortfarande hoppas.} 6. Qb3
a5 7. Bd2 (7. a3 $2 a4 8. Qxb4 Nc6 9. Qb5 Ra5 $1) 7... Nf6 8. Nb5 {Ett mycket
märkligt drag.} ({Utvecklingsdraget} 8. Be2 {var att föredra.}) 8... Bxf3 9.
gxf3 Bxd2+ 10. Kxd2 {Vit har minimalt sämre struktur än svart. Den här
strukturen hade kanske gått an om svart hade löparparet. Men springarna kan
lätt gå runt en dubbelbonde. Ett annat alternativ vore om vit hade löparparet.
för då skulle han kunna köra hårt genom att öppna diagonaler och satsa på
angrepp samtidigt som han bbränner broarna bakom sig.} O-O 11. Rd1 d5 12. Kc1
Kh8 13. Bg2 c6 14. Na3 Na6 {[#]} ({Rudolph Spielmann har skrivit ett underbart
kapitel om det så kallade "hämningsoffret" i sin bok "Die Kunst des Opfers".
Hade Rudolph, som för övrigt vistades i Sverige en del, haft svart hade nog
spelat det vackra:} 14... f4) 15. Kb1 Nb4 16. Rd2 Qd6 17. Nc2 Rfb8 18. f4 Na6
19. cxd5 exd5 20. Rhd1 {Vit hittar inga konstruktiva idéer, utan försöker
hålla pjäserna garderade.} b5 21. Ne1 a4 22. Qc2 {Partiet påminner lite grann
om Eriksson-Wedberg, rond 5.} Ne4 23. Bxe4 dxe4 {Jag tycker synd om springaren
på e1.} 24. Qc3 Qd5 25. Rc1 {Vit attackerar det som går att attackera.} Rb6 26.
Qa3 h6 27. Qe7 {Vit kör på tomgång.} Rab8 28. Nc2 (28. Qe5 Qd7 29. d5 c5 {
Var ett bättre försök till försvar.}) 28... b4 29. Ne1 Rb5 30. Qe5 {Nu var det
lite sent.} ({Det enda som återstod var att gå upp med springaren till h4.} 30.
Ng2) 30... Qd7 31. d5 Rxd5 (31... cxd5 {Såg helt OK ut.}) 32. Rxd5 cxd5 33. Rc5
$5 {[#]} b3 $1 34. axb3 axb3 (34... Rd8 $1) 35. Rxd5 Qa4 36. Qc3 $2 (36. Rd6 $1
Nc7 (36... Qa2+ 37. Kc1 Rc8+ 38. Kd2 Nc7 39. Rxh6+ Kg8 40. Rg6 Rd8+ 41. Ke2 {
Ger vit de bättre chanserna.}) 37. Rxh6+ Kg8 38. Rg6 Qd7 39. Rd6 Qa4 40. Rg6
Qd7 41. Rd6 {Remi.}) 36... Nb4 37. Rc5 Rd8 38. Rc8 Qa2+ 39. Kc1 Qa1# {Nu kan
det vara så att jag har fel. Men mitt intryck är att Anders spelar utan
självförtroende. Det är något som drabbar alla oss schackspelare.  Fråga: Vad
är det enda vi har med oss in till schackbrädet? Svar: Oss själva. Eftersom vi
bara har oss själva måste vi tro på det vi har när vi sätter oss ner i partiet.
Det och kunskapen är det enda vi har. Ingen annan kommer att tro på dig åt dig
under ett schackparti. Vi får misstro oss själva och vår kapacitet mellan
schackpartierna, men aldrig under kampen. Om man jämför schack med svärdkamp
för ett ögonblick. Hur skulle det vara om en svärdman under bataljen skulle
börja tvivla på sig själv i egenskap av svärdman? Troligen hade det blivit
hans sista tvivel.} 0-1